| 000 | 00415nam a2200169Ia 4500 | ||
|---|---|---|---|
| 005 | 20140403141751.0 | ||
| 008 | 140130s9999 xx 000 0 und d | ||
| 050 |
_aPZ 7 _b.K5648He 1990 |
||
| 245 |
_cKimmel, Eric _aHershel &-hanukkah goblins |
||
| 260 |
_bScholastic, _c1985 |
||
| 300 |
_a32 p. : _bcol. ill. ; _c 26 cm. |
||
| 440 | _v1 | ||
| 521 | _aG2 | ||
| 526 | _c400 | ||
| 942 |
_cBK _2lcc |
||
| 999 |
_c40246 _d40246 |
||